000
00354nam a2200169Ia 4500
100
_a
Dhamdhere/D.M
650
_a
Operating systems
250
_a
2
942
_c
BK
366
_f
25
245
_a
Operating Sytems
260
_b
Tata Mc Graw hill Ltd.
_c
2006
082
_a
5.43
_b
DHA
300
_a
789
546
_a
ENGLISH
_c
PAMPHALETS
999
_c
21684
_d
21684